00899nam a22002177a 4500003000400000005001700004008004100021020001800062040001400080041000800094082001300102100002700115245003300142264002800175300003900203521032600242650002100568650002400589650002500613700004300638OSt20240919150218.0240919b ||||| |||| 00| 0 spa d a9788493666910 cCO-Mq BPB aspa aAPbARTm aArturo, Aurelioeautor aMorada al sur y otros poemas aBogotá;bSibilac2004 a121 páginasbTapa rusticac21 cm aAURELIO ARTURO nació en La Unión (Nariño) en el sur de Colombia el 22 de febrero de 1906. Estudió Derecho y ocupó destacados cargos en la rama jurisdiccional. Publicó sus primeros poemas en la Crónica literaria, que dirigía Rafael Maya y obtuvo, en 1963, el premio nacional de poesía Guillermo Valencia. aPoeta colombiano aPoesía colombiana aAutores colombianos  aBonnett, PiedadeEdición y prólogo